El gato tragón / (Registro nro. 10303)

Detalles MARC
000 -CABECERA
Longitud fija campo de control 00530nam a2200193 a 4500
003 - • IDENTIFICADOR DELl NÚMERO DE CONTROL
Identificador del número de control CO-ViMGA
008 - • CÓDIGOS DE INFORMACIÓN DE LONGITUD FIJA
Códigos de información de longitud fija 141112s2004 ck r 000 u spa d
020 ## - • NÚMERO INTERNACIONAL NORMALIZADO PARA LIBROS
Número Internacional Normalizado para Libros (ISBN) 8496388026
040 ## - FUENTE DE LA CATALOGACIÓN
Centro catalogador de origen CO-ViMGA
Lengua de catalogación spa
Centro transcriptor CO-ViMGA
100 1# - • PUNTO DE ACCESO PRINCIPAL-NOMBRE DE PERSONA
Nombre de persona Patacrúa, Perica
245 10 - • TITULO PROPIAMENTE DICHO
Título El gato tragón /
Mención de responsabilidad, etc. Perica Patacrúa, ilustraciones Oliveiro Dumas
300 ## - • DESCRIPCIÓN FÍSICA
Extensión [26] p.
490 0# - • MENCIÓN DE SERIE
Mención de serie Libros para soñar
650 14 - • PUNTO DE ACCESO ADICIONAL DE MATERIA - TÉRMINO DE MATERIA
Término de materia o nombre geográfico como elemento inicial Literatura infantil
942 ## - ENTRADA DE ELEMENTOS AGREGADOS (KOHA)
Fuente de clasificaión o esquema Dewey Decimal Classification
Koha [por defecto] tipo de item LIbro
Existencias
Perdido Fuente de clasificación o esquema Estado Físico No para préstamo Forma de adquisición Localización permanente Localización actual Fecha adquisición Serie de enumeración / cronolog&íacute;a Préstamos totales Signatura completa Código de barras Fecha última consulta Fecha último préstamo Número de copia Fecha del precio de reemplazo Tipo de item de Koha Renovaciones totales
  Dewey Decimal Classification     Sala General Biblioteca Barrio Porfia - Villavicencio Biblioteca Barrio Porfia - Villavicencio 12/04/2015 24/jul/2013 1 PATg 26058 05/06/2019 04/12/2019 Ej. 2 12/04/2015 LIbro  
  Dewey Decimal Classification     Sala Infantil Segundo Piso Biblioteca Pública Germán Arciniegas - Villavicencio Biblioteca Pública Germán Arciniegas - Villavicencio 12/04/2015 24/jul/2013 1 PATg 26057 12/11/2017 11/14/2017 Ej. 1 12/04/2015 LIbro 2









Instituto Departamental de Cultura del Meta - Red Departamental de Bibliotecas Públicas del Meta.